| 000 | 00439nam a2200157 i 4500 | ||
|---|---|---|---|
| 001 | 60616 | ||
| 003 | ES-MaACL | ||
| 007 | t| | ||
| 008 | 031105s1952 sp ||||1| spa d | ||
| 100 | 1 |
_aEspinosa, Juan Antonio. _947887 |
|
| 245 | 1 | 0 |
_aAmorrortu / _cnovela de Juan Antonio Espinosa. |
| 250 | _a[1ª ed.]. | ||
| 260 |
_aBarcelona : _bJosé Janés, _c1952 ( _fMinguza) |
||
| 300 |
_a552 p. ; _c19 cm. |
||
| 852 |
_aES-MaACL _jC-6008 _bR.34075 |
||
| 999 |
_c60616 _d60616 |
||